000 00729nam a22002417a 4500
003 OSt
005 20220924113629.0
006 a|||||r|||| 00| 0
007 ta
008 220923b |||||||| |||| 00| 0 eng d
024 _a104484
037 _cGeneral Books
040 _aARTS
_cARTS
_beng
041 _2eng
_aeng
082 _aV2:51y7M78, L8
245 0 _aMoulana Muhammed Ali
_b A great freedom fighter 10-12--1978 to 4-1-1983 Centenary Volume ed by Khwaja Muhammad Ahmad
260 _aHyderabad
_bMoulana Muhammad Ali Centenary Committee
_c1978
300 _ap.
500 _aVarious pagination
650 _aHISTORY
942 _hV2:51y7M78, L8
_cGB
_2CC
999 _c390276
_d390276